000 00414nam a22001697a 4500
003 CEME
005 20210628203558.0
008 210201b xxu||||| |||| 00| 0 eng d
040 _c.
082 _a923.15491 SUF
100 _aSufi, M.A Prof. Dr
_966357
245 _aMadir-e-millat fatima jinnah
260 _aLAHORE
_bILMO IRFAN
_c2003
300 _a360P
650 _aFATIMA JINNAH
_966358
942 _cBK
_2ddc
999 _c574335
_d574335